Paesi ospitanti della Coppa del Mondo FIFA - Morte improvvisa - Statistics

Statistiche generali
  • Questo quiz è stato fatto 98 volte
  • Il punteggio medio è 14 su 22
Answers on the Grid
Answers color-coded by a green-red scale on the quiz's grid according to % correct below.
Arabia Saudita
Argentina
Australia
Belgio
Brasile
Canada
Cile
Cina
Colombia
Corea del Nord
Corea del Sud
Egitto
Emirati Arabi Uniti
Francia
Germania
Giamaica
Giappone
Grecia
India
Inghilterra
Iran
Irlanda
Italia
Marocco
Messico
Norvegia
Nuova Zelanda
Paesi Bassi
Perù
Portogallo
Qatar
Russia
Scozia
Spagna
Stati Uniti
Sudafrica
Svezia
Svizzera
Turchia
Uruguay
 
Statistiche sulle risposte
Risposta % Corretto
1950, 2014 Brasile
91%
1934, 1990 Italia
88%
1938, 1998 Francia
85%
1974, 2006 Germania
84%
1978 Argentina
81%
1966 Inghilterra
79%
1994, 2026 Stati Uniti
78%
1970, 1986, 2026 Messico
76%
1982, 2030 Spagna
76%
2018 Russia
75%
2010 Sudafrica
75%
2022 Qatar
69%
2002 Corea del Sud
66%
2002 Giappone
62%
1930 Uruguay
62%
2026 Canada
56%
1958 Svezia
50%
1962 Cile
47%
2034 Arabia Saudita
41%
2030 Marocco
35%
1954 Svizzera
35%
2030 Portogallo
32%
Nessun quiz corrispondente trovato
Distribuzione punteggi
Percentuale di utenti per punteggio
Percentile per numero di risposta
I tuoi punteggi nel tempo
Non hai fatto questo quiz